Histoire de France - Statistiques

Statistiques générales
  • Ce quiz a été pris 75 fois
  • Le résultat moyen est 7 sur 10
Statistiques - réponses
Question Réponse % Correct
De quand date la loi de séparation des Eglises et de l'Etat en France ? 1905
96%
Qui est le premier président de la 5ème République ? Charles de Gaulles
90%
Qui a crée les Jeux Olympiques modernes ? Pierre de Coubertin
89%
Que signifie "Francia" en latin ? Pays des Francs
80%
Quel auteur français a écrit le livre le plus vendu au monde ? Antoine de Saint-Exupéry
79%
Depuis quand l'Euro est-il la monnaie officielle de la France ? 2002
76%
De quoi est inspirée la pâtisserie française prénommée le "Paris-Brest" ? D'une course cycliste
73%
Qui est le premier partenaire commercial de la France ? Allemagne
66%
Quel Napoléon est resté deux semaines empereur des français ? Napoléon II
64%
Quelle marque automobile française est la plus ancienne ? Peugeot
16%
Aucun quiz correspondant
Distribution des résultats
% des personnes avec chaque résultat
Percentile par nombre de réponses
Votre historique - résultats
Vous n’avez pas pris ce quiz